[Event "Collado Villalba op-B 35th"]
[Site "Collado Villalba"]
[Date "2018.08.24"]
[Round "1"]
[White "Mihalcea, George Andrei"]
[Black "Fernandez Garcia, Emiliano"]
[Result "1-0"]
[WhiteElo "1807"]
[BlackElo "1545"]
[PlyCount "43"]
[EventDate "2018.08.24"]
[EventType "swiss"]
[EventRounds "9"]
[EventCountry "ESP"]
[SourceTitle "CBM 186 Extra"]
[Source "ChessBase"]
[SourceDate "2018.08.24"]
[SourceVersion "1"]
[SourceVersionDate "2018.08.24"]
[SourceQuality "1"]

1. d4 d5 2. c4 dxc4 3. Nf3 Nf6 4. Qc2 Bg4 5. Qxc4 Bxf3 6. gxf3 e6 7. e4 a6 8. Be3 Nc6 9. Nc3 Be7 10. Rd1 Nh5 11. f4 Nf6 12. Bh3 Bb4 13. f3 0-0 14. Rg1 Nxe4 15. fxe4 Qh4+ 16. Rg3 Rfe8 17. Ke2 Rac8 18. Rdg1 Bf8 19. f5 exf5 20. Bxf5 Qxh2+ 21. R1g2 Qh5+ 22. Bg4 1-0

[Event "Mostoles op 9th"]
[Site "Mostoles"]
[Date "2018.07.22"]
[Round "6"]
[White "Mihalcea, George Andrei"]
[Black "Pablos Tenrero, Raquel"]
[Result "0-1"]
[WhiteElo "1791"]
[BlackElo "1989"]
[PlyCount "104"]
[EventDate "2018.07.17"]
[EventType "swiss"]
[EventRounds "9"]
[EventCountry "ESP"]
[SourceTitle "CBM 186 Extra"]
[Source "ChessBase"]
[SourceDate "2018.08.24"]
[SourceVersion "1"]
[SourceVersionDate "2018.08.24"]
[SourceQuality "1"]

1. d4 Nf6 2. c4 e6 3. Nf3 Bb4+ 4. Bd2 Qe7 5. g3 Nc6 6. Bg2 Bxd2+ 7. Qxd2 Ne4 8. Qc2 f5 9. a3 a5 10. 0-0 0-0 11. d5 Nd8 12. Nc3 Ng5 13. Nxg5 Qxg5 14. f4 Qe7 15. Kh1 Nf7 16. e4 Nh6 17. e5 Rb8 18. Nb5 Ng4 19. Nxc7 Ne3 20. Qf2 Nxg2 21. d6 Qf7 22. Kxg2 b6 23. h3 Bb7+ 24. Kh2 a4 25. Rfe1 Rfc8 26. Re3 Qh5 27. Qe2 Qh6 28. b4 g5 29. Qf2 Kf7 30. Rg1 Rg8 31. fxg5 Rxg5 32. Qf4 Rbg8 33. h4 Qh5 34. Qf2 Rg4 35. Rc3 Re4 36. Rc2 Rgg4 37. Kh3 Rxc4 38. Rxc4 Rxc4 39. Kh2 Qg4 40. Re1 Rc3 41. Nb5 Rf3 42. Qg1 Bc6 43. Nd4 Rxa3 44. Qf2 Bd5 45. Rf1 Ra2 46. Nc2 Bb3 47. Rc1 Qc4 48. Kh3 Bxc2 49. Qf4 Qxf4 50. gxf4 Rb2 51. h5 a3 52. h6 Kg6 0-1

[Event "Mostoles op 9th"]
[Site "Mostoles"]
[Date "2018.07.19"]
[Round "3"]
[White "Ruiz Grau, David"]
[Black "Mihalcea, George Andrei"]
[Result "0-1"]
[WhiteElo "1239"]
[BlackElo "1791"]
[PlyCount "98"]
[EventDate "2018.07.17"]
[EventType "swiss"]
[EventRounds "9"]
[EventCountry "ESP"]
[SourceTitle "CBM 186 Extra"]
[Source "ChessBase"]
[SourceDate "2018.08.24"]
[SourceVersion "1"]
[SourceVersionDate "2018.08.24"]
[SourceQuality "1"]

1. d4 d5 2. Bf4 c5 3. c3 Qb6 4. Qb3 Qxb3 5. axb3 cxd4 6. cxd4 Nc6 7. Nf3 Bf5 8. Nc3 e6 9. e3 h6 10. Nb5 Rc8 11. Nxa7 Bb4+ 12. Nd2 Nxa7 13. Rxa7 Rc1+ 14. Ke2 Rc2 15. Kf3 Rxd2 16. Bb5+ Ke7 17. Be5 f6 18. Rxb7+ Kf8 19. Ra1 Ne7 20. Ra8+ Kf7 21. Rxh8 fxe5 22. dxe5 Be4+ 23. Kg3 g5 24. Rxh6 d4 25. Rf6+ Kg7 26. Bc4 Bxb7 27. Bxe6 Bd5 28. Rf7+ Kg8 29. Rxe7+ Bxe6 30. Rxe6 d3 31. Re8+ Kf7 32. Rd8 Rd1 33. Rd4 Be1 34. Kf3 Ke6 35. b4 d2 36. Ke2 Rb1 37. Rxd2 Bxd2 38. Kxd2 Rxb2+ 39. Ke1 Kxe5 40. g3 Ke4 41. Kf1 Kf3 42. Ke1 Rxf2 43. e4 Rxh2 44. b5 Re2+ 45. Kd1 Rxe4 46. Kd2 Kxg3 47. Kc3 Kf4 48. b6 g4 49. b7 Re8 0-1

[Event "Tres Cantos op 10th"]
[Site "Tres Cantos"]
[Date "2018.06.28"]
[Round "8.40"]
[White "Mihalcea, George Andrei"]
[Black "Fernandez Garcia, Emiliano"]
[Result "1-0"]
[WhiteElo "1791"]
[BlackElo "1548"]
[PlyCount "63"]
[EventDate "2018.06.21"]
[EventType "swiss"]
[EventRounds "9"]
[EventCountry "ESP"]
[SourceTitle "EXT 2024"]
[Source "ChessBase"]
[SourceDate "2023.10.10"]
[SourceVersion "1"]
[SourceVersionDate "2023.10.10"]
[SourceQuality "1"]

1. d4 Nf6 2. Bf4 d5 3. Nc3 e6 4. Qd3 a6 5. f3 c5 6. e4 cxd4 7. Nce2 Nc6 8. Nxd4 dxe4 9. Nxc6 exd3 10. Nxd8 Kxd8 11. 0-0-0 Bd7 12. Bxd3 Nd5 13. Bd2 Bb4 14. c3 Bd6 15. Ne2 Rc8 16. Rhe1 Nb4 17. Be4 Ba4 18. Bf4 Bxd1 19. Rxd1 Nd5 20. Bxd6 Rc6 21. Bg3 Ke7 22. Bxd5 exd5 23. Rxd5 Rhc8 24. Nd4 Rg6 25. Bh4+ f6 26. g4 Rd8 27. Nf5+ Ke8 28. Rxd8+ Kxd8 29. Bf2 h5 30. h3 Kd7 31. Be3 hxg4 32. hxg4 1-0

[Event "Tres Cantos op 10th"]
[Site "Tres Cantos"]
[Date "2018.06.24"]
[Round "4.33"]
[White "Yaniz Lana, Francisco Javier"]
[Black "Mihalcea, George Andrei"]
[Result "0-1"]
[WhiteElo "1528"]
[BlackElo "1791"]
[PlyCount "68"]
[EventDate "2018.06.21"]
[EventType "swiss"]
[EventRounds "9"]
[EventCountry "ESP"]
[SourceTitle "EXT 2024"]
[Source "ChessBase"]
[SourceDate "2023.10.10"]
[SourceVersion "1"]
[SourceVersionDate "2023.10.10"]
[SourceQuality "1"]

1. d4 Nf6 2. Nf3 g6 3. g3 Bg7 4. Bg2 0-0 5. 0-0 d5 6. c4 dxc4 7. Na3 c3 8. bxc3 c5 9. Bf4 Nc6 10. Ne5 Nd5 11. Nxc6 bxc6 12. Qd2 Nxf4 13. Qxf4 Ba6 14. Qe4 Qa5 15. Nb1 cxd4 16. cxd4 Rfd8 17. a4 Rxd4 18. Qxe7 Rad8 19. Bxc6 Rd1 20. Nc3 Rxa1 21. Rxa1 Bxc3 22. Rc1 Bg7 23. Qxa7 Qd2 24. Rb1 Bxe2 25. Qb6 Qd6 26. a5 Bd4 27. Qb7 Qf6 28. a6 Kg7 29. a7 Qxf2+ 30. Kh1 Bxa7 31. Qb2+ Bd4 32. Qb3 Rb8 33. Qxb8 Qf3+ 34. Bxf3 Bxf3# 0-1

[Event "Tres Cantos op 10th"]
[Site "Tres Cantos"]
[Date "2018.06.23"]
[Round "3.14"]
[White "Mihalcea, George Andrei"]
[Black "Ballesteros Avila, Antonio"]
[Result "0-1"]
[WhiteElo "1791"]
[BlackElo "1999"]
[PlyCount "129"]
[EventDate "2018.06.21"]
[EventType "swiss"]
[EventRounds "9"]
[EventCountry "ESP"]
[SourceTitle "EXT 2024"]
[Source "ChessBase"]
[SourceDate "2023.10.10"]
[SourceVersion "1"]
[SourceVersionDate "2023.10.10"]
[SourceQuality "1"]

1. d4 d5 2. c4 c6 3. Nf3 Nf6 4. g3 dxc4 5. Qc2 g6 6. Qxc4 Bg7 7. Bg2 0-0 8. 0-0 Be6 9. Qc2 Bf5 10. Qb3 Qb6 11. Qa3 Na6 12. Nc3 Nb4 13. Ne1 Qxd4 14. Nf3 Qb6 15. Na4 Qb5 16. Nc3 Qc4 17. Nd2 Qd4 18. Nf3 Qb6 19. Na4 Qa5 20. Bd2 Nfd5 21. Nh4 Bc2 22. Bxd5 Qxa4 23. Bxf7+ Rxf7 24. Bxb4 Qxa3 25. Bxa3 Rd8 26. Nf3 Bf6 27. Rac1 Ba4 28. b3 Bb5 29. Rc2 g5 30. Rfc1 g4 31. Ne1 Bg5 32. e3 e6 33. Bc5 b6 34. Bd4 c5 35. Be5 Rd5 36. Bf4 Bf6 37. e4 Rd8 38. e5 Bg7 39. Ng2 Rfd7 40. Ne3 h5 41. Bg5 Rf8 42. Bf4 Rd4 43. Nc4 Bxc4 44. Rxc4 Rd5 45. Re1 Rfd8 46. Rce4 Kf7 47. Kg2 Kg6 48. h3 Kf5 49. hxg4+ hxg4 50. R4e3 Rd1 51. f3 R8d2+ 52. R3e2 Rxe1 53. fxg4+ Kxg4 54. Rxd2 Bxe5 55. Kf2 Bxf4 56. gxf4 Re4 57. Rd7 a5 58. Rd6 b5 59. Rb6 b4 60. Rb5 Kxf4 61. Rxc5 Re5 62. Rc8 Rh5 63. Rc4+ Kf5 64. Rc5+ Kg6 65. Rc6 0-1

[Event "Tres Cantos op 10th"]
[Site "Tres Cantos"]
[Date "2018.06.22"]
[Round "2.25"]
[White "Mihalcea, George Andrei"]
[Black "Spitzer Isbert, Ramon"]
[Result "1/2-1/2"]
[WhiteElo "1791"]
[BlackElo "1982"]
[PlyCount "103"]
[EventDate "2018.06.21"]
[EventType "swiss"]
[EventRounds "9"]
[EventCountry "ESP"]
[SourceTitle "EXT 2024"]
[Source "ChessBase"]
[SourceDate "2023.10.10"]
[SourceVersion "1"]
[SourceVersionDate "2023.10.10"]
[SourceQuality "1"]

1. d4 Nf6 2. Nf3 g6 3. c4 Bg7 4. Nc3 0-0 5. e4 d6 6. Bf4 Nh5 7. Be3 e5 8. Qd2 f5 9. Bg5 Qe8 10. dxe5 fxe4 11. Nxe4 Nc6 12. Be2 Nxe5 13. Nxe5 Qxe5 14. Nc3 Bg4 15. f3 Be6 16. 0-0-0 Nf4 17. Bxf4 Rxf4 18. Nd5 Bh6 19. Kb1 Bf5+ 20. Ka1 Re8 21. Rhe1 Rh4 22. Qc3 Qxc3 23. bxc3 Bg7 24. Kb2 c6 25. Nb4 Rxh2 26. Bf1 Rxe1 27. Rxe1 Bh3 28. Re8+ Kf7 29. Rb8 Bxg2 30. Rxb7+ Kg8 31. Bxg2 Rxg2+ 32. Kb3 h5 33. Nd3 Rg3 34. Nf4 Be5 35. Nd3 Rxf3 36. Nxe5 dxe5 37. Rc7 h4 38. Rxc6 Kf7 39. Rc7+ Ke6 40. Rxa7 Rf5 41. Ra6+ Kf7 42. Ra7+ Ke8 43. c5 h3 44. c6 h2 45. Rh7 Kd8 46. Rxh2 Kc7 47. Rh6 Rg5 48. Kc4 Kxc6 49. a4 Rg4+ 50. Kd3 Kb6 51. Rh8 Rxa4 52. Re8 1/2-1/2

[Event "Madrid San Viator op-A 30th"]
[Site "Madrid"]
[Date "2018.05.06"]
[Round "4"]
[White "Mihalcea, George Andrei"]
[Black "Tudela Garcia, Antonio"]
[Result "1-0"]
[WhiteElo "1791"]
[BlackElo "1562"]
[PlyCount "71"]
[EventDate "2018.04.08"]
[EventType "swiss"]
[EventRounds "9"]
[EventCountry "ESP"]
[SourceTitle "EXT 2019"]
[Source "ChessBase"]
[SourceDate "2018.10.10"]
[SourceVersion "1"]
[SourceVersionDate "2018.10.10"]
[SourceQuality "1"]

1. d4 Nf6 2. Nf3 e6 3. Bf4 d6 4. c4 Nbd7 5. Nc3 Be7 6. e4 Nh5 7. Be3 Nhf6 8. Be2 e5 9. Qc2 c6 10. Rd1 Qc7 11. dxe5 dxe5 12. h3 Bc5 13. Bxc5 Nxc5 14. b4 Ne6 15. 0-0 Nf4 16. Rd2 Nxe2+ 17. Nxe2 0-0 18. Rfd1 h6 19. Ng3 Be6 20. Qc3 Nd7 21. Rd6 Rfe8 22. c5 f6 23. Qd3 Nf8 24. a3 a5 25. Nh4 axb4 26. axb4 Qf7 27. Nhf5 Bxf5 28. Nxf5 Kh7 29. Qe3 Qg6 30. Qb3 Qg5 31. Qf7 Qg6 32. Qxb7 Reb8 33. Qxc6 Ra3 34. R6d3 Rxd3 35. Rxd3 Rxb4 36. Rg3 1-0

[Event "Madrid San Viator op-A 29th"]
[Site "Madrid"]
[Date "2017.10.01"]
[Round "3"]
[White "Mihalcea, George Andrei"]
[Black "Lopez Moreno, Jesus"]
[Result "1/2-1/2"]
[WhiteElo "1777"]
[BlackElo "2043"]
[PlyCount "58"]
[EventDate "2017.09.17"]
[EventType "swiss"]
[EventRounds "9"]
[EventCountry "ESP"]
[SourceTitle "EXT 2019"]
[Source "ChessBase"]
[SourceDate "2018.10.10"]
[SourceVersion "1"]
[SourceVersionDate "2018.10.10"]
[SourceQuality "1"]

1. d4 d5 2. Bf4 Nf6 3. e3 e6 4. Nd2 Bd6 5. Bg3 Nbd7 6. Ngf3 0-0 7. Bd3 b6 8. c3 Bb7 9. Qc2 Qe7 10. Ne5 g6 11. a4 Nh5 12. f4 f5 13. Ndf3 c5 14. Bh4 Ndf6 15. 0-0 a6 16. b3 Rfc8 17. Qb2 cxd4 18. cxd4 Bb4 19. Rfc1 Rxc1+ 20. Qxc1 Rc8 21. Qf1 Rc3 22. Rb1 a5 23. Be1 Rc7 24. Bxb4 Qxb4 25. Rc1 Qd6 26. Qd1 Ne8 27. Rxc7 Qxc7 28. Qc2 Qxc2 29. Bxc2 Nhf6 1/2-1/2